Влияние ионного облучения на критерии правила Урбаха в оксиде алюминия; Поверхность. Рентгеновские, синхротронные и нейтронные исследования; № 4
| Источник: | Поверхность. Рентгеновские, синхротронные и нейтронные исследования.— , 1995- № 4.— 2008.— [C.103-109] |
|---|---|
| Главный автор: | |
| Другие авторы: | |
| Примечания: | Заглавие с экрана Показана правомерность применения обобщенного правила Урбаха для описания спектров поглощения облученного ионами моно- и поликристаллического оксида алюминия. Его выполнение в широкозонных материалах после ионной модификации является следствием индуцированного дефектами замещения и их кластерами квазидинамического беспорядка в кристаллической решетке. Установлено влияние собственных радиационных дефектов, дефектов замещения и их комплексов, а также неупорядоченных твердых растворов замещения на реализацию концепции фокуса Урбаха и на параметры фокальной точки спектров поглощения. Определенный вклад в выполнение критериев Урбаха вносят композиционный беспорядок и изменение стехиометрии материалов. Параметры межзонного и экспоненциального поглощения свидетельствуют о формировании в оксиде алюминия нового сильно дефектного материала с шириной запрещенной зоны 4.4–4.6 эВ и краем поглощения 2.0–4.2 эВ, обусловленного локализованными состояниями кластеров дефектов. Режим доступа: по договору с организацией-держателем ресурса |
| Язык: | русский |
| Опубликовано: |
2008
|
| Предметы: | |
| Online-ссылка: | http://elibrary.ru/item.asp?id=9934708& |
| Формат: | Электронный ресурс Статья |
| Запись в KOHA: | https://koha.lib.tpu.ru/cgi-bin/koha/opac-detail.pl?biblionumber=637356 |
MARC
| LEADER | 00000naa0a2200000 4500 | ||
|---|---|---|---|
| 001 | 637356 | ||
| 005 | 20250418094511.0 | ||
| 035 | |a (RuTPU)RU\TPU\network\1473 | ||
| 035 | |a RU\TPU\network\1471 | ||
| 090 | |a 637356 | ||
| 100 | |a 20140902d2008 k||y0rusy50 ca | ||
| 101 | 0 | |a rus | |
| 102 | |a RU | ||
| 135 | |a drcn ---uucaa | ||
| 181 | 0 | |a i | |
| 182 | 0 | |a b | |
| 200 | 1 | |a Влияние ионного облучения на критерии правила Урбаха в оксиде алюминия |f А. В. Кабышев, Ф. В. Конусов | |
| 203 | |a Текст |c электронный | ||
| 300 | |a Заглавие с экрана | ||
| 320 | |a [Библиогр.: с. 103 (26 назв.)] | ||
| 330 | |a Показана правомерность применения обобщенного правила Урбаха для описания спектров поглощения облученного ионами моно- и поликристаллического оксида алюминия. Его выполнение в широкозонных материалах после ионной модификации является следствием индуцированного дефектами замещения и их кластерами квазидинамического беспорядка в кристаллической решетке. Установлено влияние собственных радиационных дефектов, дефектов замещения и их комплексов, а также неупорядоченных твердых растворов замещения на реализацию концепции фокуса Урбаха и на параметры фокальной точки спектров поглощения. Определенный вклад в выполнение критериев Урбаха вносят композиционный беспорядок и изменение стехиометрии материалов. Параметры межзонного и экспоненциального поглощения свидетельствуют о формировании в оксиде алюминия нового сильно дефектного материала с шириной запрещенной зоны 4.4–4.6 эВ и краем поглощения 2.0–4.2 эВ, обусловленного локализованными состояниями кластеров дефектов. | ||
| 333 | |a Режим доступа: по договору с организацией-держателем ресурса | ||
| 461 | |t Поверхность. Рентгеновские, синхротронные и нейтронные исследования |d 1995- | ||
| 463 | |t № 4 |v [C.103-109] |d 2008 | ||
| 610 | 1 | |a электронный ресурс | |
| 610 | 1 | |a труды учёных ТПУ | |
| 610 | 1 | |a ионы | |
| 610 | 1 | |a облучение | |
| 610 | 1 | |a ионное облучение | |
| 610 | 1 | |a правило Урбаха | |
| 610 | 1 | |a оксиды алюминия | |
| 700 | 1 | |a Кабышев |b А. В. |c специалист в области электроэнергетики |c профессор Томского политехнического университета, доктор физико-математических наук |f 1958- |g Александр Васильевич |3 (RuTPU)RU\TPU\pers\27068 | |
| 701 | 1 | |a Конусов |b Ф. В. |c физик |c ведущий инженер Томского политехнического университета, кандидат физико-математических наук |f 1958- |g Федор Валерьевич |3 (RuTPU)RU\TPU\pers\30120 |9 14526 | |
| 801 | 2 | |a RU |b 63413507 |c 20160420 |g RCR | |
| 850 | |a 63413507 | ||
| 856 | 4 | |u http://elibrary.ru/item.asp?id=9934708& | |
| 942 | |c CF | ||